CASES RULINGS AND JUDGEMENTS (Record no. 43920)

MARC details
003 - CONTROL NUMBER IDENTIFIER
control field 0199360
005 - DATE AND TIME OF LATEST TRANSACTION
control field 20251018160431.0
008 - FIXED-LENGTH DATA ELEMENTS--GENERAL INFORMATION
fixed length control field 251018b |||||||| |||| 00| 0 eng d
020 ## - INTERNATIONAL STANDARD BOOK NUMBER
International Standard Book Number 9789789773664
040 ## - CATALOGING SOURCE
Transcribing agency Nile university of Nigeria, Abuja.
Description conventions rda
050 ## - LIBRARY OF CONGRESS CALL NUMBER
Classification number KP 68 .O4
082 ## - DEWEY DECIMAL CLASSIFICATION NUMBER
Classification number KP 68 .O4
100 ## - MAIN ENTRY--PERSONAL NAME
Personal name Hon Justice C.M.A Olatoregun
Dates associated with a name 2019
245 ## - TITLE STATEMENT
Title CASES RULINGS AND JUDGEMENTS
260 ## - PUBLICATION, DISTRIBUTION, ETC. (IMPRINT)
Place of publication, distribution, etc Abuja
Name of publisher, distributor, etc Marvellous Mike Press
Date of publication, distribution, etc 2019
264 ## - PUBLICATION, DISTRIBUTION, ETC. (IMPRINT)
Place of publication, distribution, etc Abuja
Name of publisher, distributor, etc Marvellous Mike Press
Date of publication, distribution, etc 2019
300 ## - PHYSICAL DESCRIPTION
Other physical details xxviii, 770pg., 35 cm
336 ## - CONTENT TYPE
Source rdacontent
338 ## - CARRIER TYPE
Source rdacarrier
942 ## - ADDED ENTRY ELEMENTS (KOHA)
Source of classification or shelving scheme Library of Congress Classification
Koha item type Books
Holdings
Withdrawn status Lost status Source of classification or shelving scheme Damaged status Not for loan Permanent Location Current Location Shelving location Date acquired Total Checkouts Full call number Barcode Date last seen Price effective from Koha item type
    Library of Congress Classification     Law Library Law Library Items on shelf 10/15/2025   KP 68 .O4 0199360 10/18/2025 10/18/2025 Books